Coupes du Monde de Futsal 4 premières places - Statistiques

Statistiques générales
  • Ce quiz a été pris 79 fois
  • Le résultat moyen est 9 sur 13
Statistiques - réponses
Réponse % Correct
Brésil
97%
Espagne
97%
Argentine
93%
Portugal
93%
Italie
81%
Pays-Bas
78%
Etats-Unis
75%
Colombie
68%
Russie
68%
Belgique
57%
Iran
35%
Ukraine
31%
Kazakhstan
24%
Aucun quiz correspondant
Distribution des résultats
% des personnes avec chaque résultat
Percentile par nombre de réponses
Votre historique - résultats
Vous n’avez pas pris ce quiz